| 000 | 00450cam a2200145ua 4500 | ||
|---|---|---|---|
| 041 |
_aeng _h |
||
| 082 |
_a631.583 _bBHA/EM |
||
| 100 | _aBhardwaj, Venkatesh . | ||
| 245 |
_aEmission of greenhouse gases (GHG) from agriculture sector and measures for their mitigation / _cVenkatesh Bhardwaj. _hTextual Documents |
||
| 260 |
_aUdaypur : _bAgro-tech publishing academy , _c2009. |
||
| 300 | _a ; . | ||
| 504 | _a | ||
| 942 | _cBK | ||
| 999 |
_c13534 _d13534 |
||